000 00381nam a22001457a 4500
008 250306b |||||||| |||| 00| 0 eng d
020 _a9789789494750
050 _aHD 38.2
_b.B33
100 _aBabatunde Fakunle
245 _aCSME Companion Corporate Strategic Management and Ethics
250 _a3rd
260 _aLagos
_bBabatunde Fakunle
_c2018
300 _a408p.
942 _cBK
999 _c2117
_d2117